ACA (Record no. 120969)

MARC details
000 -LEADER
fixed length control field 00790cai a2200217 4500
001 - CONTROL NUMBER
control field L155914
008 - FIXED-LENGTH DATA ELEMENTS--GENERAL INFORMATION
fixed length control field 120420n2010 000 0 eng u
035 ## - SYSTEM CONTROL NUMBER
System control number (Sirsi) u155914
041 0# - LANGUAGE CODE
Language code of text/sound track or separate title eng
110 ## - MAIN ENTRY--CORPORATE NAME
Corporate name or jurisdiction name as entry element Association of Consultant Architects
9 (RLIN) 1156
240 ## - UNIFORM TITLE
Uniform title ACA
245 ## - TITLE STATEMENT
Title ACA
Remainder of title project partnering contracts
Medium [electronic resource]
520 ## - SUMMARY, ETC.
Summary, etc. The website for ACA's project partnering contracts PPC2000, SPC2000 and TPC2005.
590 ## - LOCAL NOTE (RLIN)
Local note KA
650 ## - SUBJECT ADDED ENTRY--TOPICAL TERM
Topical term or geographic name entry element Contracts
9 (RLIN) 6232
650 ## - SUBJECT ADDED ENTRY--TOPICAL TERM
Topical term or geographic name entry element BUILT ENVIRONMENT-BUILDING CONTRACT FORMS-STANDARD FORMS OF BUILDING CONTRACT-JOINT CONTRACTS TRIBNUAL CONTRACTS
650 ## - SUBJECT ADDED ENTRY--TOPICAL TERM
Topical term or geographic name entry element STANDARDS FORMS
690 ## - LOCAL SUBJECT ADDED ENTRY--TOPICAL TERM (OCLC, RLIN)
Topical term or geographic name as entry element Contracts
9 (RLIN) 6232
856 40 - ELECTRONIC LOCATION AND ACCESS
Uniform Resource Identifier <a href="https://www.ppc2000.co.uk/">https://www.ppc2000.co.uk/</a>
Public note View the website free of charge at www.ppc2000.co.uk
942 ## - ADDED ENTRY ELEMENTS (KOHA)
Suppress in OPAC 0
Holdings
Withdrawn status Lost status Source of classification or shelving scheme Damaged status Not for loan Home library Current library Shelving location Date acquired Total Checkouts Full call number Barcode Date last seen Copy number Price effective from Koha item type
    Dewey Decimal Classification     Virtual Virtual Online 20/04/2012   WEB-SITE 155914-2001 06/08/2019 1 06/08/2019 Online material